Managerial accounting information: an introduction to its content and usefulness
Đã lưu trong:
| Tác giả chính: | |
|---|---|
| Định dạng: | Sách |
| Ngôn ngữ: | Tiếng Anh |
| Được phát hành: |
Reading
Addison-Wesley
1979
|
| Những chủ đề: | |
| Các nhãn: |
Thêm thẻ
Không có thẻ, Là người đầu tiên thẻ bản ghi này!
|
MARC
| LEADER | 00000nam a2200000 a 4500 | ||
|---|---|---|---|
| 001 | UCR9800 | ||
| 003 | CL-VaPUC | ||
| 008 | 980619e19790000US |||||||||||||||||eng|d | ||
| 082 | 0 | 4 | |a 658.151 |b MON |2 21 |
| 100 | |a Montgomery, A. Thompson |e autor |9 412713 | ||
| 245 | 1 | 0 | |a Managerial accounting information: an introduction to its content and usefulness |
| 300 | |a 939 p | ||
| 942 | |c BK | ||
| 945 | |d 19980619 00:00:00 |a cmena | ||
| 260 | |a Reading |b Addison-Wesley |c 1979 | ||
| 650 | 0 | |a Contabilidad |9 261430 | |
| 650 | 0 | |a Administración financiera |9 261146 | |
| 650 | 0 | |a Estados de cuentas |9 352305 | |
| 650 | 0 | |a Contabilidad de costos |9 260564 | |
| 650 | 0 | |a Costos |9 261063 | |
| 650 | 7 | |a PLANIFICACION Y CONTROL |2 CL-VaPUC |9 412714 | |
| 650 | 0 | |a Control presupuestario |9 345693 | |
| 650 | 0 | |a Auditoría |9 307008 | |
| 650 | 0 | |a Toma de decisiones |9 257530 | |
| 650 | 0 | |a Precios |9 260787 | |
| 650 | 0 | |a Análisis de la información |9 306986 | |
| 650 | 0 | |a Información |9 256927 | |
| 583 | |a last modification |c 19980619 00:00:00 |k Rodrigo Vera | ||
| 999 | |c 270976 |d 270974 | ||
| 952 | |0 0 |1 0 |4 0 |6 658_151000000000000_MON_1979 |7 0 |8 P |9 305442 |a BIBGIM |b BIBGIM |d 2019-11-20 |i 1420623 |o 658.151 MON 1979 |p 1420623 |r 2025-01-15 |w 2019-11-20 |y BK |k COM | ||